Billy Joel Lyrics Quiz (Part 61) - Statistics

General Stats
  • This quiz has been taken 38 times
    31 since last reset
  • The average score is 131 of 195
Answer Stats
Answer % Correct
a
100%
And
100%
the
100%
for
88%
in
88%
to
88%
be
84%
it
84%
It
84%
of
84%
but
80%
He
80%
he
80%
not
80%
She
80%
she
80%
she’s
80%
time
80%
With
76%
woman
76%
been
72%
her
72%
It’s
72%
now
72%
on
72%
some
72%
That
72%
all
68%
gonna
68%
him
68%
long
68%
would
68%
always
64%
like
64%
off
64%
out
64%
said
64%
though
64%
wouldn’t
64%
comin’
60%
got
60%
make
60%
good
56%
hard
56%
knows
56%
take
56%
those
56%
thought
56%
feelin’
52%
leave
52%
life
52%
never
52%
nice
52%
tonight
52%
tried
52%
around
48%
away
48%
finds
48%
found
48%
Fourth
48%
ground
48%
July
48%
left
48%
money
48%
Nevada
48%
pocket,
48%
stay
48%
stop
48%
wife
48%
California
44%
Goodbye,
44%
goodbye
44%
headin’
44%
listen
44%
quite
44%
rocket
44%
run
44%
understand
44%
worse
44%
years
44%
advice
40%
Convinced
40%
hang
40%
letter
40%
little
40%
often
40%
reasons
40%
stories
40%
Oh-and
8%
No matching quizzes found
Score Distribution
Percent of People with Each Score
Percentile by Number Answered
Your Score History
You have not taken this quiz since the last reset